Občanské právo hmotné 2

Gespeichert in:
Bibliographische Detailangaben
1. Verfasser: Lazar, Ján
Weitere Verfasser: Švestka, Jiří
Format: Buch
Sprache:Tschechisch
Veröffentlicht: Praha Panorama 1987
Ausgabe:1. vyd.
Tags: Tag hinzufügen
Keine Tags, Fügen Sie das erste Tag hinzu!

MARC

LEADER 00000nam a2200000 4500
001 c022726
005 20250605073304.5
041 0 |a cze 
044 |a CZ 
245 1 0 |a Občanské právo hmotné 2  |c Ján Lazar, Jiří Švestka a kol. 
250 |a 1. vyd. 
264 1 |a Praha  |b Panorama  |c 1987 
300 |a 381 s. 
100 1 |a Lazar, Ján 
700 1 |a Švestka, Jiří